| 000 | 02071nam2a22003971 4500 | ||
|---|---|---|---|
| 001 | RU\NLR\19V\602226 | ||
| 005 | 20250614041523.0 | ||
| 035 | _a(NLR Aleph) 010348984 | ||
| 090 |
_a10737893 _c10737893 |
||
| 100 | _a20070823d1901 |||y0rusy50 ca | ||
| 101 | 0 | _arus | |
| 102 | _aRU | ||
| 105 | _ay z| |||ab | ||
| 200 | 0 | _aТ. 21 | |
| 210 |
_d1901 _aБ. м. |
||
| 215 |
_a168 с. _d20 |
||
| 327 | 1 | _aСодерж.: Украинская старина: 1. Харьковские народные школы; 2. Григорий Саввич Сковорода; 3. Василий Назарьевич Каразин; 4. Григорий Федорович Квитка Основьяненко | |
| 461 | 0 |
_1001v19\rc\1723864 _12001#$aСочинения Г.П. Данилевского$eв 24 т., с портр. авт.$vТ. 21 _95764485 _aДанилевский, Г. П. (1829-1890) _cСанкт-Петербург _d1901 _e8-е изд., посмерт. _nА.Ф. Маркс _oв 24 т., с портр. авт. _p24 т. _tСочинения Г.П. Данилевского _vТ. 21 |
|
| 464 | 0 |
_12001#$aУкраинская старина$aХарьковские народные школы _tХарьковские народные школы |
|
| 464 | 0 |
_12001#$aГригорий Саввич Сковорода _tГригорий Саввич Сковорода |
|
| 464 | 0 |
_12001#$aВасилий Назарьевич Каразин _tВасилий Назарьевич Каразин |
|
| 464 | 0 |
_12001#$aГригорий Федорович Квитка Основьяненко _tГригорий Федорович Квитка Основьяненко |
|
| 801 | 2 |
_aRU _bNLR _c20070823 _2rusmarc |
|
| 801 | 0 |
_aRU _bNLR _c20070823 _gpsbo |
|
| 801 | 1 |
_aRU _bNLR _c20070823 _2rusmarc |
|
| 852 |
_aNLR _j18.267.7.3 (21) |
||
| 852 |
_aNLR _j129/861(21) |
||
| 899 |
_aRuMoRGB _jU 218/84 |
||
| 899 |
_aRuMoRGB _jE 53/313 |
||
| 899 |
_aRuMoRGB _jU 2/1037 |
||
| 899 | _aБАН | ||
| 899 | _aНБ СПбГУ | ||
| 899 | _aГПИБ | ||
| 942 | _cBOOK | ||
| 980 | _aNB | ||